<?xml version="1.0" encoding="UTF-8"?>
<marc:record xmlns:marc="http://www.loc.gov/MARC21/slim">
   <marc:leader>00000nam a2200000 a 4500</marc:leader>
   <marc:datafield ind1="1" ind2=" " tag="100">
      <marc:subfield code="a">Färber, Werner</marc:subfield>
      <marc:subfield code="4">aut</marc:subfield>
      <marc:subfield code="e">Verfasser/-in</marc:subfield>
   </marc:datafield>
   <marc:datafield ind1="0" ind2="0" tag="245">
      <marc:subfield code="a">Geschichten vom Bauernhof</marc:subfield>
   </marc:datafield>
   <marc:datafield ind1="0" ind2="0" tag="245">
      <marc:subfield code="c">Färber, Werner</marc:subfield>
   </marc:datafield>
   <marc:datafield ind1=" " ind2="1" tag="264">
      <marc:subfield code="a">Bindlach</marc:subfield>
      <marc:subfield code="b">Loewe</marc:subfield>
      <marc:subfield code="c">2006</marc:subfield>
   </marc:datafield>
   <marc:datafield ind1="1" ind2=" " tag="490">
      <marc:subfield code="a">Bildermaus</marc:subfield>
   </marc:datafield>
   <marc:datafield ind1="1" ind2=" " tag="520">
      <marc:subfield code="a">Nette "Bildermausbücher" zum Mitlesen und Lesenlernen. (ab 5) (JE)      Anna und Paul dürfen der Bäurin helfen den Marktstand aufzubauen. Doch da schießt ein Fahrrad auf sie zu und die ganze Kiste voll Eier landet am Boden. Als Toni und Klara nach dem Winter wieder ihr Baumhaus beziehen, ist ein Brett locker. Hat das jemand absichtlich gemacht?  Die Geschichten zeichnen sich durch einfache Wortwahl und Satzstruktur aus. Bestimmte Nomen sind durch Bilder ersetzt. (Auf den letzten Seiten sind die Wörter zu den Bildern aufgelistet.) Große Schrift und bunte Illustrationen helfen Kindern ab 5 bei den ersten Schritten des Lesenlernens.   *bn* Gabriele Doblhammer</marc:subfield>
   </marc:datafield>
   <marc:datafield ind1=" " ind2=" " tag="041">
      <marc:subfield code="a">ger</marc:subfield>
   </marc:datafield>
   <marc:datafield ind1=" " ind2=" " tag="338">
      <marc:subfield code="a">Band</marc:subfield>
   </marc:datafield>
   <marc:datafield ind1=" " ind2=" " tag="300">
      <marc:subfield code="a">39 S. : Ill. (farb.)</marc:subfield>
   </marc:datafield>
</marc:record>
